Animals that Appear on Mexican Flags - Statistics

General Stats
  • This quiz has been taken 18 times
  • The average score is 9 of 12
Answer Stats
Countries Animal % Correct
Queretaro, Tlaxcala, +6 others Eagle
100%
Oaxaca, Queretaro, +3 others Rattlesnake
93%
Coahuila, Jalisco, +4 others Lion
87%
Michoacán, Queretaro Horse
80%
Sonora Shark
80%
Aguascalientes Bee
73%
Sonora, Tamaulipas Cattle
73%
Tamaulipas Goat
73%
Sinaloa, Sonora Deer
67%
Colima, Guerrero Jaguar
67%
Puebla Quetzalcóatl
53%
Coahuila, Durango Wolf
53%
No matching quizzes found
Score Distribution
Percent of People with Each Score
Percentile by Number Answered
Your Score History
You have not taken this quiz